[Event "23. Torneo San Viator"]
[Site "Madrid ESP"]
[Date "2014.09.28"]
[Round "1.1"]
[White "Elissalt Cardenas, Hector"]
[Black "Padin Lazaro, Jose Manuel"]
[Result "1-0"]
[WhiteElo "2334"]
[BlackElo "1922"]
[PlyCount "69"]
[EventDate "2014.09.28"]
[EventType "swiss"]
[EventRounds "9"]
[EventCountry "ESP"]
[SourceTitle "Ajedrez en Madrid"]
[Source "lmi"]
[SourceDate "2014.09.28"]
[SourceVersion "1"]
[SourceVersionDate "2014.12.18"]
[SourceQuality "1"]

1. c4 e5 2. Nc3 Nc6 3. g3 Bc5 4. Bg2 a6 5. e3 Nf6 6. Nge2 d6 7. h3 Ba7 8. d3
Be6 9. Nd5 Bxd5 10. cxd5 Ne7 11. Qb3 Rb8 12. O-O O-O 13. Bd2 c6 14. dxc6 bxc6
15. Qa3 Qd7 16. b3 d5 17. Rac1 Rfc8 18. Bb4 Nf5 19. Bc5 Bxc5 20. Qxc5 Qe7 21.
Rc2 Qxc5 22. Rxc5 Rb5 23. Rc2 Ne7 24. Nc3 Rb7 25. Na4 Nd7 26. h4 f5 27. e4 fxe4
28. dxe4 d4 29. Bh3 Rd8 30. Be6+ Kh8 31. Bxd7 Rbxd7 32. Nc5 Ra7 33. Nd3 Kg8 34.
Rc5 Kf7 35. Nxe5+ 1-0

[Event "23. Torneo San Viator"]
[Site "Madrid ESP"]
[Date "2014.09.28"]
[Round "1.2"]
[White "Marcos Herrero, Francisco"]
[Black "Renteria, Jorge"]
[Result "0-1"]
[WhiteElo "1918"]
[BlackElo "2313"]
[PlyCount "60"]
[EventDate "2014.09.28"]
[EventType "swiss"]
[EventRounds "9"]
[EventCountry "ESP"]
[SourceTitle "Ajedrez en Madrid"]
[Source "lmi"]
[SourceDate "2014.09.28"]
[SourceVersion "1"]
[SourceVersionDate "2014.12.18"]
[SourceQuality "1"]

1. d4 d6 2. Nf3 Bg4 3. e4 Nd7 4. c4 Ngf6 5. Nc3 c6 6. Be2 e5 7. Be3 Be7 8. O-O
O-O 9. Nd2 Bxe2 10. Qxe2 Re8 11. d5 cxd5 12. cxd5 Bf8 13. Rfc1 a6 14. a4 g6 15.
Nc4 Nc5 16. Ra3 Ncxe4 17. Nb6 Rb8 18. b4 Nxc3 19. Raxc3 Nd7 20. Rc7 Nc5 21. Rc8
Qxb6 22. bxc5 dxc5 23. R8xc5 Bxc5 24. Rxc5 Qd6 25. Qc4 b5 26. axb5 Rxb5 27. g3
Rd8 28. Rxb5 axb5 29. Qxb5 Qxd5 30. Qb4 Qf3 0-1

[Event "23. Torneo San Viator"]
[Site "Madrid ESP"]
[Date "2014.09.28"]
[Round "1.3"]
[White "Nunez Miranda, Adrian"]
[Black "Garcia Martin, Esteban"]
[Result "1-0"]
[WhiteElo "2120"]
[BlackElo "1917"]
[PlyCount "77"]
[EventDate "2014.09.28"]
[EventType "swiss"]
[EventRounds "9"]
[EventCountry "ESP"]
[SourceTitle "Ajedrez en Madrid"]
[Source "lmi"]
[SourceDate "2014.09.28"]
[SourceVersion "1"]
[SourceVersionDate "2014.12.18"]
[SourceQuality "1"]

1. e4 c5 2. d3 g6 3. g3 Bg7 4. Bg2 Nc6 5. f4 d6 6. Nf3 Bg4 7. c3 e6 8. h3 Bxf3
9. Qxf3 Nge7 10. O-O O-O 11. g4 f5 12. Na3 Qd7 13. Be3 Rab8 14. Rae1 b5 15. e5
dxe5 16. Bxc5 fxg4 17. Qxg4 Rf5 18. Be4 Rxf4 19. Rxf4 exf4 20. Qxf4 e5 21. Qf3
a6 22. Qg2 Nd8 23. Qg5 Nd5 24. Qg4 Qxg4+ 25. hxg4 Nf4 26. d4 Nf7 27. d5 Bf8 28.
Bxf8 Kxf8 29. b3 Nd6 30. Bh1 Nd3 31. Re3 Nc1 32. Rxe5 Nxa2 33. Re6 Rd8 34. c4
b4 35. Nc2 a5 36. Nd4 a4 37. c5 Nb7 38. c6 axb3 39. Nxb3 1-0

[Event "23. Torneo San Viator"]
[Site "Madrid ESP"]
[Date "2014.09.28"]
[Round "1.4"]
[White "Ruiz Sanchez, Roberto"]
[Black "Unciti Juan, Javier"]
[Result "0-1"]
[WhiteElo "1910"]
[BlackElo "2106"]
[PlyCount "50"]
[EventDate "2014.09.28"]
[EventType "swiss"]
[EventRounds "9"]
[EventCountry "ESP"]
[SourceTitle "Ajedrez en Madrid"]
[Source "lmi"]
[SourceDate "2014.09.28"]
[SourceVersion "1"]
[SourceVersionDate "2014.12.18"]
[SourceQuality "1"]

1. d4 e6 2. Nf3 f5 3. c4 Nf6 4. Nc3 d6 5. Bf4 Be7 6. h3 Ne4 7. Qc2 Nxc3 8. Qxc3
O-O 9. e3 Nc6 10. a3 Bf6 11. Rd1 Qe8 12. Be2 e5 13. Bh2 e4 14. Nd2 Qg6 15. Bf1
Bd7 16. Bf4 Rae8 17. b4 Nd8 18. c5 Ne6 19. cxd6 Nxf4 20. exf4 cxd6 21. Bc4+ Kh8
22. O-O Qh6 23. Qe3 g5 24. Bb3 gxf4 25. Qc3 e3 0-1

[Event "23. Torneo San Viator"]
[Site "Madrid ESP"]
[Date "2014.09.28"]
[Round "1.5"]
[White "Garcia Ruido, Ricardo"]
[Black "Garcia Sanjuan, Jose"]
[Result "1-0"]
[WhiteElo "2063"]
[BlackElo "1895"]
[PlyCount "145"]
[EventDate "2014.09.28"]
[EventType "swiss"]
[EventRounds "9"]
[EventCountry "ESP"]
[SourceTitle "Ajedrez en Madrid"]
[Source "lmi"]
[SourceDate "2014.09.28"]
[SourceVersion "1"]
[SourceVersionDate "2014.12.18"]
[SourceQuality "1"]

1. e4 b6 2. d4 Bb7 3. Bd3 Nf6 4. Qe2 Nc6 5. c3 e5 6. d5 Ne7 7. Nf3 Ng6 8. g3 a5
9. O-O Bc5 10. c4 Bc8 11. Nc3 d6 12. Kg2 Bd7 13. Bd2 Qc8 14. Ng1 Bd4 15. Bc2
Bxc3 16. Bxc3 h5 17. h4 Qd8 18. Rae1 O-O 19. Qd1 Bg4 20. f3 Bc8 21. Ba4 Nh7 22.
Bc2 f5 23. exf5 Bxf5 24. Bxf5 Rxf5 25. Nh3 Qd7 26. Nf2 Raf8 27. Ne4 Qf7 28. Bd2
Ne7 29. Qe2 Qg6 30. Kh2 R5f7 31. f4 Nf5 32. Qg2 Nd4 33. Bc3 Nf6 34. Nxf6+ gxf6
35. Bxd4 exd4 36. f5 Qh7 37. Qd2 Re7 38. Rxe7 Qxe7 39. Qxd4 Re8 40. Kg2 Qe4+
41. Qxe4 Rxe4 42. b3 a4 43. Kf3 Rd4 44. Ke3 Rg4 45. Rf3 axb3 46. axb3 b5 47.
Kd3 bxc4+ 48. bxc4 Kf7 49. Re3 Rg8 50. Kc3 Rb8 51. Kd4 Rg8 52. Kd3 Rb8 53. Ke4
Rg8 54. Kf3 Rb8 55. g4 Rg8 56. gxh5 Rh8 57. Kg4 Rg8+ 58. Kf4 Rh8 59. Ra3 Ke7
60. Re3+ Kf7 61. Rg3 Rxh5 62. Kg4 Rh6 63. h5 Rh7 64. Kh4 Rh8 65. Rg6 Rh7 66. h6
Ke7 67. Kg4 Kf7 68. Kh5 Ke7 69. Rg7+ Rxg7 70. hxg7 Kf7 71. Kh6 Kg8 72. Kg6 c5
73. Kxf6 1-0

[Event "23. Torneo San Viator"]
[Site "Madrid ESP"]
[Date "2014.09.28"]
[Round "1.6"]
[White "Romero Gomez, Juan Carlos"]
[Black "Garcia-Ruiz Fuentes, Angel M"]
[Result "0-1"]
[WhiteElo "1893"]
[BlackElo "2062"]
[PlyCount "114"]
[EventDate "2014.09.28"]
[EventType "swiss"]
[EventRounds "9"]
[EventCountry "ESP"]
[SourceTitle "Ajedrez en Madrid"]
[Source "lmi"]
[SourceDate "2014.09.28"]
[SourceVersion "1"]
[SourceVersionDate "2014.12.18"]
[SourceQuality "1"]

1. d4 Nf6 2. c4 c5 3. d5 b5 4. cxb5 a6 5. bxa6 g6 6. Nc3 Bxa6 7. Nf3 d6 8. e4
Bxf1 9. Kxf1 Bg7 10. g3 O-O 11. Kg2 Nbd7 12. h3 Nb6 13. Qd3 Na4 14. a3 Qb6 15.
Nd2 Nd7 16. Nc4 Qb3 17. Nd2 Nxb2 18. Nxb3 Nxd3 19. Bd2 Rfb8 20. Nc1 Rb2 21. Ra2
Rxa2 22. N3xa2 Rxa3 23. Nxd3 Rxd3 24. Bg5 f6 25. Bf4 f5 26. exf5 gxf5 27. Rb1
Ne5 28. Rb7 Kf7 29. h4 Rxd5 30. Nc3 Rd3 31. Nb5 Nc4 32. Na7 Bf6 33. Rc7 Rd4 34.
Nc6 Rxf4 35. gxf4 Bxh4 36. Nd8+ Ke8 37. Ne6 Bf6 38. Rb7 Nd2 39. Nc7+ Kd7 40.
Ra7 Kc6 41. Ne8 c4 42. Nxf6 exf6 43. Rxh7 Kd5 44. Rh1 Kd4 45. f3 Ke3 46. Re1+
Kxf4 47. Kf2 Nxf3 48. Rd1 Ng5 49. Rd4+ Ne4+ 50. Ke1 c3 51. Ke2 d5 52. Ra4 Ke5
53. Ra8 Nc5 54. Kd1 f4 55. Kc2 Kd4 56. Rf8 Ne4 57. Rh8 Ke3 0-1

[Event "23. Torneo San Viator"]
[Site "Madrid ESP"]
[Date "2014.09.28"]
[Round "1.7"]
[White "Cabanas Bravo, Juan Andres"]
[Black "Sanz Varea, Jose M"]
[Result "1-0"]
[WhiteElo "2058"]
[BlackElo "1886"]
[PlyCount "55"]
[EventDate "2014.09.28"]
[EventType "swiss"]
[EventRounds "9"]
[EventCountry "ESP"]
[SourceTitle "Ajedrez en Madrid"]
[Source "lmi"]
[SourceDate "2014.09.28"]
[SourceVersion "1"]
[SourceVersionDate "2014.12.18"]
[SourceQuality "1"]

1. e4 Nf6 2. e5 Nd5 3. Nf3 d6 4. Bc4 dxe5 5. Nxe5 Be6 6. d4 g6 7. Qf3 Bg7 8.
Qb3 O-O 9. Qxb7 Nb6 10. Bxe6 fxe6 11. Qe4 Qe8 12. Nc3 a6 13. O-O N8d7 14. Ng4
e5 15. Nxe5 Nxe5 16. dxe5 e6 17. Be3 Nd7 18. f4 Qe7 19. Rad1 Rab8 20. b3 Rfd8
21. Qc4 Bh6 22. Qxc7 Qb4 23. a3 Qe7 24. Ne4 Bg7 25. Nd6 Bf8 26. a4 Qg7 27. Qc4
Qe7 28. Qxa6 1-0

[Event "23. Torneo San Viator"]
[Site "Madrid ESP"]
[Date "2014.09.28"]
[Round "1.9"]
[White "Vazquez Gonzalez, Jesus"]
[Black "Lianes Garcia, Marcos"]
[Result "0-1"]
[WhiteElo "2034"]
[BlackElo "1870"]
[PlyCount "90"]
[EventDate "2014.09.28"]
[EventType "swiss"]
[EventRounds "9"]
[EventCountry "ESP"]
[SourceTitle "Ajedrez en Madrid"]
[Source "lmi"]
[SourceDate "2014.09.28"]
[SourceVersion "1"]
[SourceVersionDate "2014.12.18"]
[SourceQuality "1"]

1. Nf3 Nf6 2. g3 g6 3. Bg2 Bg7 4. O-O d6 5. c4 c5 6. Nc3 Nc6 7. d4 cxd4 8. Nxd4
Bd7 9. Nxc6 bxc6 10. e4 O-O 11. Qe2 Qc8 12. Rd1 Bg4 13. f3 Be6 14. Rb1 Nd7 15.
Bd2 Ne5 16. b3 Re8 17. Rbc1 c5 18. Nd5 Nc6 19. Bc3 Nd4 20. Qd2 Bxd5 21. cxd5 a5
22. Kh1 Qa6 23. Bf1 Qb6 24. Kg2 Reb8 25. Rb1 Nb5 26. Bxg7 Kxg7 27. Bxb5 Qxb5
28. Qc2 Rb7 29. Qc4 Qxc4 30. bxc4 Rb4 31. Rdc1 Rab8 32. Rxb4 axb4 33. Kf2 Ra8
34. Rc2 Ra3 35. Ke2 Kf8 36. f4 f6 37. Kd2 Ke8 38. Ke2 Kd7 39. Kd2 Kc7 40. Ke2
Kb6 41. Kf2 Rc3 42. Rxc3 bxc3 43. Ke3 Ka5 44. a3 Ka4 45. Ke2 Kb3 0-1

[Event "23. Torneo San Viator"]
[Site "Madrid ESP"]
[Date "2014.09.28"]
[Round "1.10"]
[White "Aguilera Lopez, Alejandro"]
[Black "Rosa Ramirez, Victor D"]
[Result "1-0"]
[WhiteElo "1867"]
[BlackElo "2023"]
[PlyCount "63"]
[EventDate "2014.09.28"]
[EventType "swiss"]
[EventRounds "9"]
[EventCountry "ESP"]
[SourceTitle "Ajedrez en Madrid"]
[Source "lmi"]
[SourceDate "2014.09.28"]
[SourceVersion "1"]
[SourceVersionDate "2014.12.18"]
[SourceQuality "1"]

1. d4 Nf6 2. Nf3 d5 3. e3 Bf5 4. c4 c6 5. Nc3 e6 6. Be2 h6 7. O-O Bd6 8. c5 Bc7
9. b4 O-O 10. b5 Nbd7 11. bxc6 bxc6 12. Qa4 Ne4 13. Nd1 Ba5 14. Qxc6 Nc3 15.
Bb5 Nxd1 16. Rxd1 Bc2 17. Rf1 Bc3 18. Qxd7 Bxa1 19. Ne5 Rb8 20. Qxd8 Rfxd8 21.
Nc6 Rxb5 22. Nxd8 Bd3 23. Rd1 Be2 24. Re1 Bc4 25. Bd2 Bb2 26. c6 Rb8 27. c7 Rc8
28. Rb1 Ba3 29. Rb8 Ba6 30. Nc6 Kh7 31. Rxc8 Bxc8 32. Nxa7 1-0

[Event "23. Torneo San Viator"]
[Site "Madrid ESP"]
[Date "2014.09.28"]
[Round "1.11"]
[White "Lobato Rivero, Carlos"]
[Black "Barahona Torrijos, Angel"]
[Result "1-0"]
[WhiteElo "2009"]
[BlackElo "1845"]
[PlyCount "57"]
[EventDate "2014.09.28"]
[EventType "swiss"]
[EventRounds "9"]
[EventCountry "ESP"]
[SourceTitle "Ajedrez en Madrid"]
[Source "lmi"]
[SourceDate "2014.09.28"]
[SourceVersion "1"]
[SourceVersionDate "2014.12.18"]
[SourceQuality "1"]

1. e4 e5 2. Nf3 Nc6 3. Bc4 Nf6 4. d4 exd4 5. O-O Bc5 6. e5 d5 7. exf6 dxc4 8.
fxg7 Rg8 9. Bg5 Be7 10. Bxe7 Qxe7 11. Nxd4 Nxd4 12. Qxd4 Be6 13. Nc3 Rd8 14.
Qe5 f6 15. Qh5+ Qf7 16. Qe2 Rxg7 17. Rfe1 Rd6 18. Nb5 Rb6 19. Qxc4 Kf8 20. Qc5+
Kg8 21. Rad1 h5 22. Rd8+ Kh7 23. g3 h4 24. Rxe6 Rxe6 25. Qf5+ Qg6 26. Qxe6 Qxc2
27. Rd4 Qc1+ 28. Kg2 h3+ 29. Qxh3+ 1-0

[Event "23. Torneo San Viator"]
[Site "Madrid ESP"]
[Date "2014.09.28"]
[Round "1.12"]
[White "Perez Sempere, Alberto"]
[Black "Luque Ibanez, Manuel"]
[Result "0-1"]
[WhiteElo "1845"]
[BlackElo "1994"]
[PlyCount "68"]
[EventDate "2014.09.28"]
[EventType "swiss"]
[EventRounds "9"]
[EventCountry "ESP"]
[SourceTitle "Ajedrez en Madrid"]
[Source "lmi"]
[SourceDate "2014.09.28"]
[SourceVersion "1"]
[SourceVersionDate "2014.12.18"]
[SourceQuality "1"]

1. e4 c5 2. Nf3 Nc6 3. d4 cxd4 4. Nxd4 Nf6 5. Nc3 e5 6. Ndb5 d6 7. Bg5 a6 8.
Na3 b5 9. Nd5 Be7 10. Bxf6 Bxf6 11. c3 Bg5 12. Nc2 Be6 13. a4 Na5 14. Ncb4 O-O
15. axb5 axb5 16. Bxb5 f5 17. exf5 Bxf5 18. O-O Bh4 19. Ra4 Qg5 20. g3 Bh3 21.
Na6 Bxf1 22. Bxf1 Qf5 23. Rxh4 Qxf2+ 24. Kh1 Qxf1+ 25. Qxf1 Rxf1+ 26. Kg2 Rf7
27. Nab4 Nb3 28. Re4 Raf8 29. Nd3 h5 30. h4 Rf1 31. Ne7+ Kh7 32. Nf4 exf4 33.
Rb4 Re1 34. Nd5 f3+ 0-1

[Event "23. Torneo San Viator"]
[Site "Madrid ESP"]
[Date "2014.09.28"]
[Round "1.13"]
[White "Gil Sierra, Jacinto"]
[Black "Linares Leyva, David"]
[Result "1-0"]
[WhiteElo "1986"]
[BlackElo "1841"]
[PlyCount "73"]
[EventDate "2014.09.28"]
[EventType "swiss"]
[EventRounds "9"]
[EventCountry "ESP"]
[SourceTitle "Ajedrez en Madrid"]
[Source "lmi"]
[SourceDate "2014.09.28"]
[SourceVersion "1"]
[SourceVersionDate "2014.12.18"]
[SourceQuality "1"]

1. e4 e6 2. d4 d5 3. Nc3 Nf6 4. Bg5 Be7 5. e5 Nfd7 6. Bxe7 Qxe7 7. f4 a6 8. Nf3
c5 9. Be2 Nc6 10. Qd2 cxd4 11. Nxd4 Nxd4 12. Qxd4 Qc5 13. O-O-O b5 14. Qxc5
Nxc5 15. Rd4 Bb7 16. Rhd1 Ke7 17. a4 bxa4 18. Nxa4 Nxa4 19. Rxa4 Rhb8 20. Ra5
Bc8 21. Rd3 Rb4 22. g3 Rab8 23. Ra2 a5 24. Rda3 g5 25. fxg5 Re4 26. Bd3 Rxe5
27. Rxa5 Rxg5 28. Ra7+ Kf6 29. Ra8 Rxa8 30. Rxa8 Bb7 31. Rb8 Bc6 32. b4 d4 33.
b5 Bd7 34. Rb7 Be8 35. b6 h6 36. Rc7 Bb5 37. b7 1-0

[Event "23. Torneo San Viator"]
[Site "Madrid ESP"]
[Date "2014.09.28"]
[Round "1.14"]
[White "Camarero Izquierdo, Juan Carlo"]
[Black "Vazquez Gonzalez, Francisco"]
[Result "1/2-1/2"]
[WhiteElo "1836"]
[BlackElo "1975"]
[PlyCount "144"]
[EventDate "2014.09.28"]
[EventType "swiss"]
[EventRounds "9"]
[EventCountry "ESP"]
[SourceTitle "Ajedrez en Madrid"]
[Source "lmi"]
[SourceDate "2014.09.28"]
[SourceVersion "1"]
[SourceVersionDate "2014.12.18"]
[SourceQuality "1"]

1. d4 d5 2. Nc3 Nf6 3. Bg5 c5 4. dxc5 d4 5. Bxf6 gxf6 6. Ne4 Nc6 7. Qd2 Qd5 8.
Ng3 Qxc5 9. O-O-O e5 10. Ne4 Qe7 11. e3 h5 12. Bb5 Bd7 13. Kb1 f5 14. Ng3 h4
15. N3e2 Bh6 16. Nf3 dxe3 17. fxe3 O-O-O 18. Nc3 Qc5 19. Rhe1 Be6 20. Qe2 Rxd1+
21. Nxd1 Nb4 22. Nc3 Nd5 23. Nxd5 Qxd5 24. b3 Qc5 25. Nd2 e4 26. Bc4 Kb8 27.
Bxe6 fxe6 28. Nc4 b5 29. Na5 Bg7 30. c3 a6 31. Rc1 Bxc3 32. a3 Rc8 33. b4 Qb6
34. Nb3 Bf6 35. Rxc8+ Kxc8 36. Qh5 Qc6 37. Nc5 Be7 38. Qh8+ Kc7 39. Qe5+ Qd6
40. Nxe6+ Kc8 41. Qh8+ Kb7 42. Nc5+ Kb6 43. Kc2 Qc7 44. Qh6+ Ka7 45. Qxa6+ Kb8
46. Qxb5+ Kc8 47. Qa6+ Kd8 48. Qa8+ Qc8 49. Qd5+ Kc7 50. Kb3 Kb6 51. Kc4 Qc6
52. Qxc6+ Kxc6 53. a4 Bg5 54. b5+ Kb6 55. Kd4 Bf6+ 56. Kd5 Bg5 57. Nd7+ Kc7 58.
Ne5 Bxe3 59. a5 Bd2 60. b6+ Kb7 61. Ng6 Bxa5 62. Nxh4 e3 63. Ke5 e2 64. Nf3
Kxb6 65. Kf4 e1=Q 66. Nxe1 Bxe1 67. g4 Kc7 68. g5 Kd8 69. h4 Bxh4 70. Kxf5 Ke8
71. Kg4 Bxg5 72. Kxg5 Kf8 1/2-1/2

[Event "23. Torneo San Viator"]
[Site "Madrid ESP"]
[Date "2014.09.28"]
[Round "1.15"]
[White "Luna Hermoso, Angel"]
[Black "Bustos Bernardo, Samuel"]
[Result "1/2-1/2"]
[WhiteElo "1955"]
[BlackElo "1826"]
[PlyCount "146"]
[EventDate "2014.09.28"]
[EventType "swiss"]
[EventRounds "9"]
[EventCountry "ESP"]
[SourceTitle "Ajedrez en Madrid"]
[Source "lmi"]
[SourceDate "2014.09.28"]
[SourceVersion "1"]
[SourceVersionDate "2014.12.18"]
[SourceQuality "1"]

1. Nf3 Nf6 2. c4 e6 3. d4 d5 4. g3 c5 5. Bg2 Nc6 6. O-O Be7 7. Nc3 dxc4 8. Qa4
O-O 9. dxc5 Bxc5 10. Qxc4 Qe7 11. Bg5 Na5 12. Qh4 h6 13. Ne4 hxg5 14. Nfxg5 Rd8
15. Rfd1 Bd7 16. b4 Bxb4 17. Rd4 Nc6 18. Nxf6+ Qxf6 19. Rf4 Qh6 20. Qxh6 gxh6
21. Nxf7 Rf8 22. Nxh6+ Kg7 23. Rh4 Be7 24. Rh5 Rh8 25. Rd1 Be8 26. Rb5 Rxh6 27.
Rxb7 Kf8 28. Rc7 e5 29. Rc1 Nd4 30. Bxa8 Nxe2+ 31. Kg2 Nxc1 32. Rxc1 Ra6 33.
Rc8 Bd6 34. Be4 Ke7 35. h4 Rxa2 36. g4 Bd7 37. Rg8 Bc5 38. Rg7+ Kd6 39. h5
Rxf2+ 40. Kg3 Rf4 41. h6 Rxe4 42. h7 Re3+ 43. Kh4 Re1 44. g5 Rh1+ 45. Kg3 Bf5
46. g6 Kd5 47. Rd7+ Bxd7 48. g7 Rg1+ 49. Kh2 Rxg7 50. h8=Q Re7 51. Qa8+ Kd4 52.
Kg2 e4 53. Qh8+ Kc4 54. Qb2 Bc6 55. Qe2+ Kd4 56. Qd2+ Ke5 57. Qc3+ Kd5 58. Qd2+
Bd4 59. Qa5+ Kd6 60. Qd8+ Rd7 61. Qb8+ Ke6 62. Qg8+ Kf5 63. Qf8+ Bf6 64. Qc5+
Bd5 65. Qc1 e3+ 66. Kg3 Be5+ 67. Kh4 Be6 68. Qc2+ Kf4 69. Qh2+ Ke4 70. Qg2+ Kf5
71. Qg4+ Kf6 72. Qg5+ Kf7 73. Qxe5 Rd5 1/2-1/2

[Event "23. Torneo San Viator"]
[Site "Madrid ESP"]
[Date "2014.09.28"]
[Round "1.16"]
[White "Rodriguez Valero, Martin"]
[Black "Lopez Ziegler, Carlos"]
[Result "1/2-1/2"]
[WhiteElo "1814"]
[BlackElo "1954"]
[PlyCount "58"]
[EventDate "2014.09.28"]
[EventType "swiss"]
[EventRounds "9"]
[EventCountry "ESP"]
[SourceTitle "Ajedrez en Madrid"]
[Source "lmi"]
[SourceDate "2014.09.28"]
[SourceVersion "1"]
[SourceVersionDate "2014.12.18"]
[SourceQuality "1"]

1. e4 c5 2. c3 Nf6 3. e5 Nd5 4. d4 cxd4 5. Nf3 e6 6. cxd4 d6 7. Bc4 Nb6 8. Bb3
Bd7 9. O-O Bc6 10. Nc3 Be7 11. exd6 Bxd6 12. Qe2 O-O 13. Bc2 N8d7 14. Qd3 f5
15. Ng5 Qf6 16. Bb3 Nd5 17. Nxd5 exd5 18. Nh3 Rae8 19. Bg5 Qg6 20. Bf4 Re4 21.
Bxd6 Qxd6 22. f3 Ree8 23. Rfe1 g6 24. Qd2 Nf6 25. Rxe8 Rxe8 26. Re1 Re7 27.
Rxe7 Qxe7 28. Nf4 Kf7 29. Kf2 g5 1/2-1/2

[Event "23. Torneo San Viator"]
[Site "Madrid ESP"]
[Date "2014.09.28"]
[Round "1.17"]
[White "Garcia Galeote, Lorenzo"]
[Black "Rodriguez Bittar, Karim Javier"]
[Result "1-0"]
[WhiteElo "1950"]
[BlackElo "1786"]
[PlyCount "63"]
[EventDate "2014.09.28"]
[EventType "swiss"]
[EventRounds "9"]
[EventCountry "ESP"]
[SourceTitle "Ajedrez en Madrid"]
[Source "lmi"]
[SourceDate "2014.09.28"]
[SourceVersion "1"]
[SourceVersionDate "2014.12.18"]
[SourceQuality "1"]

1. d4 Nf6 2. c4 e6 3. Nc3 d5 4. cxd5 exd5 5. Bg5 Be7 6. Qc2 Nbd7 7. e3 O-O 8.
Bd3 b6 9. Nf3 Bb7 10. O-O h6 11. Bh4 Re8 12. Rac1 c5 13. dxc5 bxc5 14. Rfd1 Rc8
15. Bf5 d4 16. exd4 Bxf3 17. gxf3 g5 18. Bg3 cxd4 19. Rxd4 Bc5 20. Rd2 Re7 21.
Qd1 Qe8 22. Ne4 Nxe4 23. fxe4 Bxf2+ 24. Kxf2 Rxc1 25. Qxc1 Nf6 26. Rd4 Kg7 27.
Qc3 h5 28. Rd6 Re6 29. Bxe6 fxe6 30. Be5 Qb5 31. Bxf6+ Kg6 32. Rxe6 1-0

[Event "23. Torneo San Viator"]
[Site "Madrid ESP"]
[Date "2014.09.28"]
[Round "1.19"]
[White "Soto Martin, Pablo"]
[Black "Del Noval Nemeshazi, Nesztor"]
[Result "1-0"]
[WhiteElo "1781"]
[BlackElo "1686"]
[PlyCount "103"]
[EventDate "2014.09.28"]
[EventType "swiss"]
[EventRounds "9"]
[EventCountry "ESP"]
[SourceTitle "Ajedrez en Madrid"]
[Source "lmi"]
[SourceDate "2014.09.28"]
[SourceVersion "1"]
[SourceVersionDate "2014.12.18"]
[SourceQuality "1"]

1. e4 c5 2. Nf3 d6 3. c3 Nf6 4. h3 Nc6 5. Bd3 e6 6. Bc2 Be7 7. O-O O-O 8. d4
cxd4 9. cxd4 d5 10. e5 Nd7 11. Nc3 Re8 12. Re1 h6 13. a3 a6 14. Qd3 Nf8 15. Be3
b5 16. b4 Ra7 17. Nd2 Bxb4 18. Bxh6 gxh6 19. axb4 Nxb4 20. Qg3+ Qg5 21. Qxg5+
hxg5 22. Nxb5 Nxc2 23. Nxa7 Bb7 24. Rab1 Nxe1 25. Rxb7 Nc2 26. Nc6 Kg7 27. Ra7
Rc8 28. Rxa6 Nh7 29. Nb3 Ne1 30. Kf1 Nd3 31. g3 Nb2 32. Nba5 Nd1 33. Nb7 g4 34.
h4 Rc7 35. Nd6 Kg6 36. Ke2 Nc3+ 37. Kd2 Ne4+ 38. Ke3 f5 39. Nxe4 dxe4 40. Nd8
Rc3+ 41. Ke2 Rc2+ 42. Ke1 Nf8 43. Nxe6 Nxe6 44. Rxe6+ Kg7 45. d5 Ra2 46. d6
Ra1+ 47. Ke2 Ra2+ 48. Ke3 Ra3+ 49. Kf4 Rf3+ 50. Kg5 Rxf2 51. d7 Rd2 52. Rd6 1-0

[Event "23. Torneo San Viator"]
[Site "Madrid ESP"]
[Date "2014.09.28"]
[Round "1.20"]
[White "Munoz Cebey, Ricardo"]
[Black "San Felipe Asis, Raquel"]
[Result "0-1"]
[WhiteElo "1779"]
[BlackElo "1660"]
[PlyCount "68"]
[EventDate "2014.09.28"]
[EventType "swiss"]
[EventRounds "9"]
[EventCountry "ESP"]
[SourceTitle "Ajedrez en Madrid"]
[Source "lmi"]
[SourceDate "2014.09.28"]
[SourceVersion "1"]
[SourceVersionDate "2014.12.18"]
[SourceQuality "1"]

1. c4 e5 2. Nc3 Nf6 3. g3 Nc6 4. Bg2 Bc5 5. a3 a6 6. b4 Ba7 7. e3 O-O 8. Nge2
d6 9. O-O Bg4 10. h3 Bf5 11. d3 Qc8 12. Kh2 h5 13. Bb2 Nh7 14. Ng1 Qe6 15. Nf3
g5 16. Ng1 Qg6 17. Ne4 Rad8 18. Qb3 Be6 19. Nd2 f5 20. Ne2 h4 21. gxh4 Qh5 22.
Qd1 Qxh4 23. Nf3 Qh5 24. Ng3 Qh6 25. Kg1 g4 26. hxg4 fxg4 27. Nh2 Nf6 28. Bc1
Rd7 29. e4 Qh4 30. Re1 Rh7 31. Nhf1 Nh5 32. Be3 Nxg3 33. Nxg3 Qh2+ 34. Kf1 Qxg3
0-1

[Event "23. Torneo San Viator"]
[Site "Madrid ESP"]
[Date "2014.09.28"]
[Round "1.21"]
[White "Soto Martin, Miguel"]
[Black "Quispe Arteaga, Gabriel"]
[Result "1-0"]
[WhiteElo "1658"]
[BlackElo "1777"]
[PlyCount "139"]
[EventDate "2014.09.28"]
[EventType "swiss"]
[EventRounds "9"]
[EventCountry "ESP"]
[SourceTitle "Ajedrez en Madrid"]
[Source "lmi"]
[SourceDate "2014.09.28"]
[SourceVersion "1"]
[SourceVersionDate "2014.12.18"]
[SourceQuality "1"]

1. d4 d5 2. Nf3 e6 3. c4 Nf6 4. e3 Be7 5. Nbd2 b6 6. cxd5 Nxd5 7. e4 Nf6 8. b3
Bb7 9. Bd3 Bb4 10. Qc2 Nbd7 11. O-O h6 12. a3 Be7 13. Rd1 Rc8 14. b4 O-O 15.
Bb2 c5 16. dxc5 bxc5 17. b5 Qc7 18. Nc4 Rfd8 19. a4 Qf4 20. Bc1 Qg4 21. h3 Qh5
22. a5 Nf8 23. Bb2 Ng6 24. a6 Ba8 25. b6 axb6 26. Nxb6 Rb8 27. Nxa8 Rxa8 28.
Bb5 Rdb8 29. Bc6 Ra7 30. e5 Nd5 31. Bxd5 exd5 32. Rxd5 Nf4 33. Rd2 Nxh3+ 34.
gxh3 Qxf3 35. Rd3 Qc6 36. Raa3 Rb6 37. Qe2 c4 38. Rdc3 Qb5 39. Bc1 Rg6+ 40. Kh1
Bb4 41. Rxc4 Rc6 42. Re4 Qxe2 43. Rxe2 Raxa6 44. Rxa6 Rxa6 45. Bf4 Re6 46. Rc2
Kh7 47. Rc4 Be7 48. Kg2 Kg6 49. Bh2 h5 50. Kf3 Ra6 51. Ke4 Bh4 52. f3 Ra2 53.
Bf4 Ra1 54. Rc6+ Kh7 55. Rc2 Re1+ 56. Kd3 Rf1 57. Ke3 Kg6 58. Ke4 Re1+ 59. Be3
Rh1 60. Rc6+ Kh7 61. Rc7 Kg6 62. Rc6+ f6 63. f4 Kh7 64. e6 f5+ 65. Kxf5 Rxh3
66. Bd4 g6+ 67. Ke4 Rh1 68. Rc7+ Kg8 69. Rc8+ Kh7 70. Rh8# 1-0

[Event "23. Torneo San Viator"]
[Site "Madrid ESP"]
[Date "2014.09.28"]
[Round "1.22"]
[White "Tevar Sanz, Gonzalo"]
[Black "Blanco Ruiz, Cesar"]
[Result "1-0"]
[WhiteElo "1773"]
[BlackElo "1657"]
[PlyCount "71"]
[EventDate "2014.09.28"]
[EventType "swiss"]
[EventRounds "9"]
[EventCountry "ESP"]
[SourceTitle "Ajedrez en Madrid"]
[Source "lmi"]
[SourceDate "2014.09.28"]
[SourceVersion "1"]
[SourceVersionDate "2014.12.18"]
[SourceQuality "1"]

1. d4 Nf6 2. Bf4 e6 3. e3 d5 4. Nf3 c5 5. c3 Bd6 6. Bg3 Nc6 7. Nbd2 b6 8. Bb5
Bb7 9. Qa4 Qc7 10. Bxd6 Qxd6 11. Ne5 Rc8 12. Qxa7 O-O 13. Qxb7 Nxe5 14. dxe5
Qxe5 15. Qxb6 Rb8 16. Qxc5 Rfc8 17. Qb4 d4 18. a4 dxe3 19. Nf3 exf2+ 20. Kf1
Qf5 21. Qd4 Rxb5 22. axb5 Qxb5+ 23. c4 Qf5 24. Rd1 g5 25. Qe5 Qc2 26. Qxg5+ Kf8
27. Qd2 Qxc4+ 28. Qe2 Qa4 29. Nd2 Ng4 30. b3 Qd4 31. Nc4 Rxc4 32. Rxd4 Rc1+ 33.
Rd1 Rxd1+ 34. Qxd1 Ne3+ 35. Kxf2 Nxd1+ 36. Rxd1 1-0